Statistics for World Currency Picture Quiz

Click here to take the quiz!

General Stats

  • This quiz has been taken 1,808 times
  • The average score is 9 of 15

Answer Stats

HintAnswer% Correct
HTML tutorial United States
97%
HTML tutorial China
91%
HTML tutorial United Kingdom
90%
HTML tutorial South Africa
84%
HTML tutorial Egypt
79%
HTML tutorial India
77%
HTML tutorial South Korea
68%
HTML tutorial Australia
61%
HTML tutorial Japan
60%
HTML tutorial Turkey
56%
HTML tutorial Russia
51%
HTML tutorial Canada
49%
HTML tutorial Sweden
18%
HTML tutorial Brazil
16%
HTML tutorial Mexico
16%

Score Distribution

Percentile by Number Answered

Percent of People with Each Score

Your Score History

You have not taken this quiz